000 00654nam a2200277Ia 4500
005 20260121124527.0
008 008 260114s9999 xx 000 0 eng d
020 _a9781438469348
037 _aEBOOK
040 _aCRL
040 _beng
040 _cCRL
041 _2eng
041 _aeng
084 _qCRL
100 _aEngels, Jeremy David
_9977506
245 4 _aThe Art of Gratitude
260 _bWalter de Gruyter
260 _bWalter de Gruyter
260 _c2018
650 _aPhilosophy
_9977507
856 _uhttp://www.degruyter.com/isbn/9781438469348
942 _cEBOOK
999 _c1555250
_d1555250